Opthalmic - Curvatures in Entrepreneurial Decisions

Uložené v:
Podrobná bibliografia
Hlavný autor: Satpathy, J.
Ďalší autori: Naďová Krošláková, Monika, 1975-, Sahoo, Kalpana, Binti Ahmad Saufi, Roselina, Moreira, Ana Carolina, Rauf, Fathuma H. A., Sindhi, Sumita
Médium: Kapitola
Jazyk:English
Predmet:
Tagy: Pridať tag
Žiadne tagy, Buďte prvý, kto otaguje tento záznam!

MARC

LEADER 00000naa a2200000 4500
001 0280832
005 20240502083858.4
041 0 |a eng 
044 |a IN 
245 1 0 |a Opthalmic - Curvatures in Entrepreneurial Decisions  |c J. Satpathy, Monika Naďová Krošláková, Kalpana Sahoo, Roselina Binti Ahmad Saufi, Ana Moreira, Fathuma H. A. Rauf, Sumita Sindhi 
610 2 0 |a prístroje 
610 2 0 |a neuroveda 
610 2 0 |a technológie informačné 
610 2 0 |a rozhodovanie 
610 2 0 |a podnikatelia 
100 1 |a Satpathy, J. 
700 1 |a Naďová Krošláková, Monika, 1975- 
700 1 |a Sahoo, Kalpana 
700 1 |a Binti Ahmad Saufi, Roselina 
700 1 |a Moreira, Ana Carolina 
700 1 |a Rauf, Fathuma H. A. 
700 1 |a Sindhi, Sumita